Phúc ông tự truyện
Sách kể lại toàn bộ cuộc đời Fukuzawa Yukichi với những nỗ lực không mệt mỏi góp phần mang lại sự thành công cho công cuộc Minh Trị Duy Tân (1868) ở Nhật Bản.
محفوظ في:
| المؤلف الرئيسي: | |
|---|---|
| التنسيق: | كتاب |
| اللغة: | Undetermined |
| منشور في: |
Hà Nội
Tri thức
2006
|
| الموضوعات: | |
| الوسوم: |
إضافة وسم
لا توجد وسوم, كن أول من يضع وسما على هذه التسجيلة!
|
| Thư viện lưu trữ: | Trung tâm Học liệu Trường Đại học Cần Thơ |
|---|
| LEADER | 00801nam a2200217Ia 4500 | ||
|---|---|---|---|
| 001 | CTU_155674 | ||
| 008 | 210402s9999 xx 000 0 und d | ||
| 020 | |c 49500 | ||
| 082 | |a 920.52 | ||
| 082 | |b Y94 | ||
| 100 | |a Yukichi, Fukuzawa | ||
| 245 | 0 | |a Phúc ông tự truyện | |
| 245 | 0 | |c Fukuzawa Yukichi; Phạm Thu Giang (dịch) | |
| 260 | |a Hà Nội | ||
| 260 | |b Tri thức | ||
| 260 | |c 2006 | ||
| 520 | |a Sách kể lại toàn bộ cuộc đời Fukuzawa Yukichi với những nỗ lực không mệt mỏi góp phần mang lại sự thành công cho công cuộc Minh Trị Duy Tân (1868) ở Nhật Bản. | ||
| 650 | |a Biography | ||
| 650 | |z Japan | ||
| 904 | |i Hiếu | ||
| 980 | |a Trung tâm Học liệu Trường Đại học Cần Thơ | ||